[Event "Igualada op 15th"]
[Site "Igualada"]
[Date "2020.02.29"]
[Round "8"]
[White "Vilalta Carrera, Antoni"]
[Black "Torres Palau, Jordi"]
[Result "1-0"]
[WhiteElo "1604"]
[BlackElo "1548"]
[PlyCount "109"]
[EventDate "2020.01.11"]
[EventType "swiss"]
[EventRounds "8"]
[EventCountry "ESP"]
[SourceTitle "CBM 195 Extra"]
[Source "ChessBase"]
[SourceDate "2020.05.31"]
[SourceVersion "1"]
[SourceVersionDate "2020.05.31"]
[SourceQuality "1"]

1. e4 e5 2. Nf3 Nc6 3. Nc3 Bc5 4. Bc4 Nf6 5. d3 h6 6. h3 0-0 7. 0-0 a5 8. Re1 d6 9. Be3 Nd4 10. Nb5 c6 11. Nbxd4 exd4 12. Nxd4 Bxd4 13. Bxd4 b5 14. Bxb5 cxb5 15. Qf3 Bb7 16. Qf5 Bc6 17. Re3 Bd7 18. Qf4 Ra6 19. Rg3 Nh5 20. Qxh6 f6 21. Qxh5 Be8 22. Qg4 Rf7 23. h4 d5 24. exd5 Qxd5 25. Qe4 Qxe4 26. dxe4 Rd6 27. Rd3 b4 28. Rad1 Bb5 29. R3d2 Rfd7 30. Be3 Rxd2 31. Rxd2 a4 32. Rxd7 Bxd7 33. Bc5 b3 34. axb3 axb3 35. cxb3 Kf7 36. Kf1 Ke6 37. Ke2 Bc6 38. Ke3 f5 39. exf5+ Kxf5 40. f3 g6 41. g4+ Ke5 42. Bd4+ Kd5 43. h5 gxh5 44. gxh5 Be8 45. h6 Bg6 46. Bc3 Bc2 47. Kf4 Ke6 48. Kg5 Kf7 49. b4 Kg8 50. Bg7 Bd3 51. Kf4 Bb5 52. Ke5 Bc6 53. f4 Ba4 54. Kd6 Be8 55. Kc5 1-0

[Event "Igualada op 15th"]
[Site "Igualada"]
[Date "2020.02.22"]
[Round "7"]
[White "Vilalta Carrera, Antoni"]
[Black "Pla Carulla, Joaquim"]
[Result "0-1"]
[WhiteElo "1604"]
[BlackElo "1788"]
[PlyCount "94"]
[EventDate "2020.01.11"]
[EventType "swiss"]
[EventRounds "8"]
[EventCountry "ESP"]
[SourceTitle "CBM 195 Extra"]
[Source "ChessBase"]
[SourceDate "2020.05.31"]
[SourceVersion "1"]
[SourceVersionDate "2020.05.31"]
[SourceQuality "1"]

1. e4 g6 2. d4 Bg7 3. Nf3 d6 4. h3 a6 5. c4 Nf6 6. Nc3 0-0 7. Bd3 Nc6 8. a3 Nd7 9. Be3 e5 10. d5 Nd4 11. Bc2 Nxc2+ 12. Qxc2 f5 13. 0-0-0 f4 14. Bd2 Nb6 15. Qd3 Qf6 16. Nh2 Bd7 17. f3 Rab8 18. b3 Nc8 19. Ng4 Qf7 20. Kc2 Na7 21. a4 b5 22. axb5 axb5 23. Ra1 bxc4 24. bxc4 Rb7 25. Rhb1 Rxb1 26. Nxb1 Nc8 27. Qb3 Nb6 28. Nc3 Rb8 29. Nb5 h5 30. Nf2 Rb7 31. Kd3 Nxc4 32. Ra8+ Kh7 33. Kxc4 Bxb5+ 34. Qxb5 Rxb5 35. Kxb5 Qd7+ 36. Ka6 c6 37. Ra7 Qc8+ 38. Kb6 c5 39. Rc7 Qa8 40. Ra7 Qb8+ 41. Rb7 Qd8+ 42. Kc6 Qa8 43. Kb6 Qa2 44. Rd7 Qxd2 45. Rxd6 Qxf2 46. Rc6 Bf8 47. Re6 c4+ 0-1

[Event "Igualada op 14th"]
[Site "Igualada"]
[Date "2019.03.02"]
[Round "8"]
[White "Pla Carulla, Joaquim"]
[Black "Vilalta Carrera, Antoni"]
[Result "1-0"]
[WhiteElo "1843"]
[BlackElo "1593"]
[PlyCount "74"]
[EventDate "2019.01.12"]
[EventType "swiss"]
[EventRounds "8"]
[EventCountry "ESP"]
[SourceTitle "CBM 189 Extra"]
[Source "ChessBase"]
[SourceDate "2019.06.03"]
[SourceVersion "1"]
[SourceVersionDate "2019.06.03"]
[SourceQuality "1"]

1. d4 Nf6 2. Bg5 d5 3. e3 e6 4. Bd3 Be7 5. Nf3 Nbd7 6. Nbd2 0-0 7. Bf4 c5 8. c3 b6 9. Ne5 Bb7 10. 0-0 Ne4 11. f3 Nxd2 12. Qxd2 f5 13. Rae1 Nxe5 14. Bxe5 Bd6 15. f4 Bxe5 16. fxe5 Qg5 17. Rf4 cxd4 18. exd4 Rf7 19. Ref1 Raf8 20. Qf2 Qe7 21. Rh4 g6 22. Qg3 Bc8 23. Rh6 Rg7 24. Qh3 Qg5 25. Rh4 Qe7 26. Qg3 Bd7 27. Rhf4 g5 28. R4f3 h5 29. Qe1 g4 30. Rf4 Qg5 31. Qd1 Bc8 32. c4 Qd8 33. Qa4 dxc4 34. Qxc4 Qc7 35. Rxf5 Rxf5 36. Rxf5 Qxc4 37. Bxc4 Rh7 1-0

[Event "Igualada Anoia op 13th"]
[Site "Igualada"]
[Date "2018.02.24"]
[Round "7"]
[White "Vilalta Carrera, Antoni"]
[Black "Valarezo Ricard, Pedro"]
[Result "0-1"]
[WhiteElo "1677"]
[BlackElo "1858"]
[PlyCount "82"]
[EventDate "2018.01.13"]
[EventType "swiss"]
[EventRounds "8"]
[EventCountry "ESP"]
[SourceTitle "CBM 187 Extra"]
[Source "ChessBase"]
[SourceDate "2018.11.04"]
[SourceVersion "1"]
[SourceVersionDate "2018.11.04"]
[SourceQuality "1"]

1. Nf3 Nf6 2. g3 d5 3. Bg2 Bf5 4. d3 Nbd7 5. 0-0 e6 6. Nbd2 Be7 7. c4 0-0 8. Nh4 Bg4 9. h3 Bh5 10. Nhf3 h6 11. b3 c6 12. Bb2 a5 13. Ne5 Nxe5 14. Bxe5 Qb6 15. Nf3 Nd7 16. Bd4 Qd8 17. Rc1 Ba3 18. Rb1 Bg6 19. Ne5 Nxe5 20. Bxe5 a4 21. bxa4 dxc4 22. Rxb7 cxd3 23. exd3 Bxd3 24. Qg4 Qg5 25. Qxg5 hxg5 26. Rd1 Bc2 27. Rdd7 Bxa4 28. Rdc7 Bb5 29. Bxc6 Bxc6 30. Rxc6 Ra5 31. Bc3 Ra4 32. Rxe6 Rc4 33. Re3 Bc1 34. Bb2 Bxe3 35. fxe3 Rc2 36. Bd4 Rxa2 37. Rb2 Rfa8 38. Rxa2 Rxa2 39. Bc5 f6 40. Bd4 Kf7 41. g4 Ke6 0-1

[Event "Igualada op 12th"]
[Site "Igualada"]
[Date "2017.02.18"]
[Round "6"]
[White "Valarezo Ricard, Pedro"]
[Black "Vilalta Carrera, Antoni"]
[Result "1-0"]
[WhiteElo "1891"]
[BlackElo "1657"]
[PlyCount "63"]
[EventDate "2017.01.14"]
[EventType "swiss"]
[EventRounds "8"]
[EventCountry "ESP"]
[SourceTitle "EXT 2018"]
[Source "ChessBase"]
[SourceDate "2017.10.13"]
[SourceVersion "1"]
[SourceVersionDate "2017.10.13"]
[SourceQuality "1"]

1. d4 Nf6 2. Nc3 e6 3. Bg5 d5 4. e3 Be7 5. Bd3 Nbd7 6. f4 c5 7. Nf3 c4 8. Be2 h6 9. Bxf6 Nxf6 10. Ne5 Bb4 11. Bf3 Qa5 12. Kd2 g6 13. h4 h5 14. Qe2 Bd7 15. Rhb1 Bc6 16. a3 Bd6 17. Kd1 Bxe5 18. fxe5 Nd7 19. e4 Nb6 20. exd5 Bxd5 21. Ne4 Nd7 22. Nd6+ Ke7 23. c3 Qa4+ 24. Kd2 Qc6 25. Rf1 Rhf8 26. Rf2 f5 27. Raf1 Nb6 28. Bxd5 Qxd5 29. Qe3 f4 30. Rxf4 Qxg2+ 31. R1f2 Qh1 32. Rf7+ 1-0

[Event "Igualada op 11th"]
[Site "Igualada"]
[Date "2016.02.26"]
[Round "7"]
[White "Vilalta Carrera, Antoni"]
[Black "Barnet Pastor, Ricard"]
[Result "1/2-1/2"]
[WhiteElo "1681"]
[BlackElo "1520"]
[PlyCount "47"]
[EventDate "2016.01.16"]
[EventType "swiss"]
[EventRounds "8"]
[EventCountry "ESP"]
[SourceTitle "EXT 2017"]
[Source "ChessBase"]
[SourceDate "2016.10.25"]
[SourceVersion "1"]
[SourceVersionDate "2016.10.25"]
[SourceQuality "1"]

1. e4 d5 2. exd5 Qxd5 3. Nc3 Qa5 4. d4 c6 5. Bd2 Qc7 6. Nf3 Nf6 7. h3 Bf5 8. Bc4 e6 9. Nh4 Bg6 10. Nxg6 hxg6 11. Qe2 Be7 12. 0-0-0 Nbd7 13. a3 Nb6 14. Bb3 0-0-0 15. Be3 Nfd5 16. Nxd5 Nxd5 17. Bxd5 exd5 18. Rhe1 Rhe8 19. Qf3 Bd6 20. Re2 Re6 21. Rde1 Rde8 22. Bd2 Rxe2 23. Rxe2 Rxe2 24. Qxe2 1/2-1/2

[Event "Igualada op 11th"]
[Site "Igualada"]
[Date "2016.01.23"]
[Round "2"]
[White "Vilalta Carrera, Antoni"]
[Black "Vilella Bertran, Joan"]
[Result "0-1"]
[WhiteElo "1681"]
[BlackElo "1953"]
[PlyCount "64"]
[EventDate "2016.01.16"]
[EventType "swiss"]
[EventRounds "8"]
[EventCountry "ESP"]
[SourceTitle "EXT 2017"]
[Source "ChessBase"]
[SourceDate "2016.10.25"]
[SourceVersion "1"]
[SourceVersionDate "2016.10.25"]
[SourceQuality "1"]

1. e4 e6 2. d4 d5 3. exd5 exd5 4. Nf3 Bd6 5. Bd3 Bg4 6. h3 Bh5 7. g4 Bg6 8. Be3 Nc6 9. a3 Qd7 10. Nc3 Nge7 11. Qd2 0-0-0 12. 0-0-0 Rdf8 13. Nh4 Bxd3 14. Qxd3 h6 15. f4 g5 16. Ng2 f6 17. f5 a6 18. Rde1 Na5 19. Bf2 b5 20. Na4 Nc4 21. Nc5 Bxc5 22. dxc5 Ne5 23. Qc3 h5 24. Qg3 Rh7 25. Rh2 Rfh8 26. Reh1 hxg4 27. hxg4 Rxh2 28. Rxh2 Rxh2 29. Qxh2 Nxg4 30. Qh8+ Qd8 31. Qxd8+ Kxd8 32. Bd4 Nxf5 0-1

[Event "Igualada and Anoia op 9th"]
[Site "Igualada"]
[Date "2014.02.01"]
[Round "3"]
[White "Vilalta Carrera, Antoni"]
[Black "Pallares Miserach, Joan"]
[Result "0-1"]
[WhiteElo "1681"]
[BlackElo "1853"]
[PlyCount "126"]
[EventDate "2014.01.11"]
[EventType "swiss"]
[EventRounds "8"]
[EventCountry "ESP"]
[SourceTitle "EXT 2024"]
[Source "ChessBase"]
[SourceDate "2023.10.10"]
[SourceVersion "1"]
[SourceVersionDate "2023.10.10"]
[SourceQuality "1"]

1. e4 c6 2. d4 d5 3. Nc3 Nf6 4. e5 Ng8 5. Bd3 e6 6. Be3 Ne7 7. f4 Nf5 8. Bxf5 exf5 9. Nf3 Bb4 10. 0-0 h6 11. a3 Be7 12. Qd2 Be6 13. Na4 Nd7 14. b4 b6 15. Rac1 a5 16. Nb2 b5 17. Nd3 Nb6 18. Nb2 a4 19. c3 Rg8 20. Kh1 Kd7 21. Ne1 g5 22. Ned3 g4 23. g3 Kc7 24. Nc5 h5 25. Kg2 Rg6 26. Rh1 Qg8 27. Kf2 Qg7 28. Rcg1 Rh8 29. Kf1 Rhh6 30. Qg2 Bc8 31. Qc2 h4 32. Bf2 Qh8 33. Qe2 Rh7 34. Be1 Rgh6 35. Rg2 hxg3 36. Bxg3 Rh3 37. Rhg1 R7h6 38. Qf2 Bh4 39. Qe1 Be6 40. Qf2 Nc8 41. Nbd3 Bxg3 42. hxg3 Ne7 43. Nc1 Ng6 44. Ne2 Nh4 45. gxh4 Rf3 46. Qxf3 gxf3 47. Rg8 fxe2+ 48. Kxe2 Qxg8 49. Rxg8 Rxh4 50. Rg7 Rh2+ 51. Kf3 Kd8 52. Nxe6+ fxe6 53. Rg8+ Ke7 54. Rg7+ Kf8 55. Rc7 Rh3+ 56. Ke2 Rxc3 57. Rc8+ Ke7 58. Rc7+ Kd8 59. Rh7 Rxa3 60. Rh8+ Ke7 61. Rh7+ Kf8 62. Rh8+ Kg7 63. Rc8 Rc3 0-1

[Event "Mollerussa op-B"]
[Site "Mollerusa"]
[Date "1997.??.??"]
[Round "4"]
[White "Vilalta Carrera, Antoni"]
[Black "Pages Jane, Josep"]
[Result "0-1"]
[WhiteElo "1865"]
[BlackElo "1975"]
[PlyCount "77"]
[EventDate "1997.??.??"]
[EventType "swiss"]
[EventRounds "8"]
[EventCountry "ESP"]
[SourceTitle "EXT 2003"]
[Source "ChessBase"]
[SourceDate "2002.11.25"]
[SourceVersion "1"]
[SourceVersionDate "2002.11.25"]
[SourceQuality "1"]

1. e4 c5 2. Nf3 Nc6 3. d4 cxd4 4. Nxd4 g6 5. c4 Bg7 6. Be3 Qa5+ 7. Nc3 Nf6 8. f3 d6 9. Be2 Bd7 10. Qd2 Nxd4 11. Bxd4 0-0 12. 0-0 Bc6 13. a3 a6 14. b4 Qd8 15. Rac1 Rc8 16. Nd5 Nxd5 17. cxd5 Bd7 18. Bxg7 Kxg7 19. Rc3 Qb6+ 20. Kh1 Bb5 21. Bxb5 Qxb5 22. Rfc1 Qd7 23. Qd4+ f6 24. g4 g5 25. Kg2 Kg6 26. a4 b5 27. a5 e6 28. Qb6 Rxc3 29. Rxc3 exd5 30. exd5 Re8 31. Rc7 Re2+ 32. Kg3 Qe8 33. Qd4 Re3 34. Rc6 Rb3 35. Rxd6 Qe1+ 36. Qf2 Qe5+ 37. Kg2 Rb2 38. Qxb2 Qxb2+ 39. Kh3 0-1